Loading...
| Current Events | 1 | 10.00 | 100% | 0% | 0% |
| Fine Arts - Classical Music | 1 | 10.00 | 100% | 0% | 0% |
| Fine Arts - Other | 1 | 10.00 | 0% | 100% | 0% |
| Fine Arts - Painting and Sculpture | 2 | 5.00 | 50% | 0% | 0% |
| Geography | 1 | 0.00 | 0% | 0% | 0% |
| History - American | 3 | 10.00 | 100% | 0% | 0% |
| History - European | 3 | 10.00 | 100% | 0% | 0% |
| History - Other | 2 | 10.00 | 50% | 50% | 0% |
| History - World | 3 | 10.00 | 33% | 33% | 33% |
| Literature - American | 2 | 0.00 | 0% | 0% | 0% |
| Literature - British | 3 | 0.00 | 0% | 0% | 0% |
| Literature - World | 1 | 10.00 | 100% | 0% | 0% |
| Mythology | 1 | 0.00 | 0% | 0% | 0% |
| Other Academic | 1 | 10.00 | 0% | 100% | 0% |
| Philosophy | 2 | 5.00 | 50% | 0% | 0% |
| Pop Culture | 2 | 15.00 | 100% | 50% | 0% |
| Religion | 3 | 13.33 | 100% | 33% | 0% |
| Science - Biology | 3 | 3.33 | 33% | 0% | 0% |
| Science - Chemistry | 2 | 10.00 | 100% | 0% | 0% |
| Science - Other | 3 | 6.67 | 67% | 0% | 0% |
| Science - Physics | 2 | 10.00 | 100% | 0% | 0% |
| Social Science | 3 | 10.00 | 100% | 0% | 0% |